000 01538nam a22002057a 4500
999 _c63277
_d63277
003 Ge_BSU
005 20250716165243.0
008 250716s1970 ge ||||| |||| 00| 0 geo d
041 _ageo
080 _a911.3:33(479.22)(075.8) ს-32
245 _aსაქართველოს სსრ ეკონომიური გეოგრაფიის ძირითადი საკითხები.
_bნაწ. 1 /
_cრედ: თ. დავითაია, გ.გ. გველესიანი
264 _aთბილისი :
_bგანათლება,
_c1970.
300 _a439 გვ.
_b22 სმ.
653 _aსაქართველოს ეკონომიური გეოგრაფია -- სახელმძღვანელოები უმაღლესი სასწავლებლებისათვის.
653 _aსაქართველოს სსრ ეკონომიური გეოგრაფიის ძირითადი საკითხები : [დამხმარე სახელმძღვანელო სტუდენტებისათვის].
700 _aდავითაია, თ.
_eრედაქტორი
_924536
700 _aგველესიანი, გ.გ.
_eრედაქტორი
_925662
710 _aსაქართველოს სსრ მეცნ. აკად. ვახუშტის სახ. გეოგრაფიის ინ-ტი.
_925663
942 _2udc
_cBK